Southville International School and Colleges
Your cart is empty.
  • Cart
  • Lists
    Public lists Eva Luna New books Lux_list list_1
    Your lists Log in to create your own lists
  • Log in to your account
  • Your cookies
  • Search history
Southville International School and Colleges
  • Advanced search
  • Recent comments
  • Most popular
  • Libraries

Log in to your account

Log in with GOOGLE


If you do not have an external account, but do have a local account, you can still log in:

  1. Home
  2. MARC view: Bear's sticker book: Shapes /
Normal view MARC view ISBD view

Bear's sticker book: Shapes / (Record no. 105626)

[ view plain ]
MARC details
000 -LEADER
fixed length control field 00429nam a2200157 a 4500
005 - DATE AND TIME OF LATEST TRANSACTION
control field 20140412111409.0
008 - FIXED-LENGTH DATA ELEMENTS--GENERAL INFORMATION
fixed length control field 070817s19uu xx 00 eng d
020 ## - INTERNATIONAL STANDARD BOOK NUMBER
International Standard Book Number 981-00-8931-7
050 ## - LIBRARY OF CONGRESS CALL NUMBER
Classification number ER
Item number Be38Sh 1995
100 ## - MAIN ENTRY--PERSONAL NAME
Personal name Hewitt, Sally
245 ## - TITLE STATEMENT
Title Bear's sticker book: Shapes /
Statement of responsibility, etc Sally Hewitt.
260 ## - PUBLICATION, DISTRIBUTION, ETC. (IMPRINT)
Place of publication, distribution, etc Singapore :
Name of publisher, distributor, etc Quarto childrens books,
Date of publication, distribution, etc 1995.
300 ## - PHYSICAL DESCRIPTION
Extent 1 v. (unpaged)
650 ## - SUBJECT ADDED ENTRY--TOPICAL TERM
Topical term or geographic name as entry element Shapes
Holdings
Withdrawn status Lost status Damaged status Home library Current library Shelving location Date acquired Source of acquisition Total Checkouts Full call number Barcode Date last seen Price effective from Koha item type
      Elizalde Library Elizalde Library Easy Reading Section 08/17/2007     ER Be38Sh 1995 E10464 04/12/2014 04/12/2014 Books

Bear's sticker book: Shapes /

APA

Hewitt S., . (1995). Bear's sticker book: Shapes. Singapore: Quarto childrens books.

Chicago

Hewitt Sally, . 1995. Bear's sticker book: Shapes. Singapore: Quarto childrens books.

Harvard

Hewitt S., . (1995). Bear's sticker book: Shapes. Singapore: Quarto childrens books.

MLA

Hewitt Sally, . Bear's sticker book: Shapes. Singapore: Quarto childrens books. 1995.

  • Place hold
  • Print
  • Cite
  • Add to your cart (remove)
  • Save record
    BIBTEX Dublin Core MARCXML MARC (non-Unicode/MARC-8) MARC (Unicode/UTF-8) MARC (Unicode/UTF-8, Standard) MODS (XML) RIS
  • More searches
    Search for this title in:
    Other Libraries (WorldCat) Other Databases (Google Scholar) Online Stores (Bookfinder.com) Open Library (openlibrary.org)

Exporting to Dublin Core...

SOUTHVILLE LIBRARY

Southville International School and Colleges Library

1281 Tropical Ave. Cor. Luxembourg St., BF Homes International, Las Pinas City

Tel. No. 8256374 / 252358 Loc. 117/146

Powered by Koha